| 000 | 01117cam a22003737a 4500 | ||
|---|---|---|---|
| 003 | CHAP | ||
| 005 | 20220817044047.0 | ||
| 008 | 051110d2004 it rn 00110 fre d | ||
| 010 | _a91284 | ||
| 011 | _a92256 | ||
| 020 | _a9252044779 | ||
| 035 | _a102820 | ||
| 040 | _cCHAP | ||
| 082 | 0 | 4 |
_a641 _bF3f v.71 |
| 110 | 2 | _aFAO | |
| 245 | 1 | 0 |
_aConsultation mixte FAO/OMS d'évaluation du risque microbiologique dans les aliments _c/par FAO |
| 260 |
_aRome : _bFAO, _c2004. |
||
| 300 | _a54 p. | ||
| 410 | 2 | 0 | _aFAO |
| 490 | 0 |
_aAlimentación y nutrición _v; 71 |
|
| 590 |
_aBATCH-UPD _b10 _c20130110 _lUCH01 _h1151 |
||
| 590 |
_aBATCH-UPD _b10 _c20130410 _lUCH01 _h0735 |
||
| 590 |
_aBATCH-UPD _b10 _c20130914 _lUCH01 _h0209 |
||
| 590 |
_aCONVERSION _b10 _c20130109 _lUCH01 _h1351 |
||
| 650 | 1 | 4 |
_aAlimentos _xAnálisis. _94164 |
| 650 | 1 | 4 |
_aAlimentos _xBacteriología. _94171 |
| 650 | 1 | 4 |
_aMicrobiología. _975490 |
| 810 | 0 | _aFAO | |
| 830 | 0 | 0 |
_aAlimentacion y nutricion _v; 71 _94112 |
| 901 | _aBK | ||
| 905 | _aLilia | ||
| 942 | _cLIBRO | ||
| 949 |
_a641 F3f v.71 _bBC _cFAO _d33724000973319 _eFAO1 _h107439 _i102820 _sb |
||
| 999 |
_c91284 _d91284 |
||